| Record ID | ia:brotherofdragon00thom |
| Source | Internet Archive |
| Download MARC XML | https://archive.org/download/brotherofdragon00thom/brotherofdragon00thom_marc.xml |
| Download MARC binary | https://www.archive.org/download/brotherofdragon00thom/brotherofdragon00thom_meta.mrc |
LEADER: 00889cam 22002653a 4500
001 2003577017
003 DLC
005 20050520144702.0
008 010822s2001 wau 000 1 eng d
042 $alccopycat
010 $a 2003577017
035 $a(OCoLC)ocm47828619
040 $aISO$cISO$dDLC
020 $a078691873X
050 00 $aCPB Box no. 2007 vol. 2
100 1 $aThompson, Paul B.
245 10 $aBrother of the dragon /$cPaul B. Thompson and Tonya C. Cook.
260 $aRenton, Wash. :$bWizards of the Coast,$c2001.
300 $a312 p. ;$c18 cm.
490 0 $aDragonlance. The Barbarians ;$vv. 2
650 0 $aKrynn (Imaginary place)$vFiction.
655 7 $aFantasy fiction.$2gsafd
700 1 $aCook, Tonya C.
710 2 $aCopyright Paperback Collection (Library of Congress)$5DLC
856 42 $3Publisher description$uhttp://www.loc.gov/catdir/description/hol053/2003577017.html